| 000 | 01000cam a2200241 a 4500 | ||
|---|---|---|---|
| 005 | 20260205125919.0 | ||
| 008 | 930528s1993 enka b 000 0 eng | ||
| 020 | _a0714641014 | ||
| 020 | _a9780714641010 | ||
| 040 |
_aKABLIB _cKABLIB _erda |
||
| 082 | 0 | 0 |
_a338.9 _223 _bPOL |
| 245 | 0 | 0 |
_aPolitical conditionality / _cedited by Georg Sørensen. |
| 260 |
_aLondon ; _aPortland, Or. : _bF. Cass in association with the European Association of Development Research and Training Institutes (EADI), Geneva, _cc1993. |
||
| 300 |
_a134 p. : _bill. ; _c22 cm. |
||
| 504 | _aIncludes bibliographical references. | ||
| 650 | 0 |
_aEconomic assistance _xPolitical aspects _zDeveloping countries. _915301 |
|
| 650 | 0 |
_aDemocracy _zDeveloping countries. _915302 |
|
| 650 | 0 |
_aHuman rights _zDeveloping countries. _915303 |
|
| 650 | 0 |
_aConditionality (International relations) _915304 |
|
| 651 | 0 |
_aDeveloping countries _xPolitics and government. _915165 |
|
| 700 | 1 |
_aSørensen, Georg, _d1948- _915305 |
|
| 942 |
_2ddc _cBOOK |
||
| 999 |
_c6044 _d6044 |
||